000 00408nam a2200181Ia 4500
005 20240823054843.0
008 240823s9999||||xx |||||||||||||| ||und||
041 _aENGLISH
082 _A822.33 Q2
100 _aWilliam Shakespeare
245 4 _aThe Tempest
250 _a1st
260 _c2012
_bVasans Publica
500 _aTRANSFERED
650 _aEnglish
_bEnglish
942 _cBK
999 _c227435
_d227435